header

ASP.NET MVC 1.0 quickly (Record no. 135589)

MARC details
000 -LEADER
fixed length control field 01268nam a2200313 a 4500
100 1# - MAIN ENTRY--AUTHOR NAME
Personal name Balliauw, Maarten.
245 10 - TITLE STATEMENT
Title ASP.NET MVC 1.0 quickly
260 ## - PUBLICATION, DISTRIBUTION, ETC. (IMPRINT)
Place of publication Birmingham, U.K. :
Name of publisher Packt Pub.,
Year of publication 2009.
300 ## - PHYSICAL DESCRIPTION
Number of Pages vi, 241 p. :
Other physical details ill. (some col.)
500 ## - GENERAL NOTE
General note Includes index.
650 #0 - SUBJECT ADDED ENTRY--TOPICAL TERM
Topical Term Microsoft .NET Framework.
Topical Term Web site development.
Topical Term Software patterns.
856 40 - ELECTRONIC LOCATION AND ACCESS
Uniform Resource Identifier http://site.ebrary.com/lib/rucke/Doc?id=10442982

No items available.

© 2026 Rongo University
Contact us: librarian | system librarian | Rongo university